[Event "Dortmund op-B"]
[Site "Dortmund"]
[Date "2009.07.09"]
[Round "6"]
[White "Busse, Siegfried"]
[Black "Kasanzew, Daniel"]
[Result "1-0"]
[WhiteElo "1368"]
[BlackElo "993"]
[PlyCount "83"]
[EventDate "2009.07.04"]
[EventType "swiss"]
[EventRounds "9"]
[EventCountry "GER"]
[SourceTitle "EXT 2012"]
[Source "ChessBase"]
[SourceDate "2011.11.24"]
[SourceVersion "1"]
[SourceVersionDate "2011.11.24"]
[SourceQuality "1"]

1. d4 d5 2. Nf3 Nf6 3. c4 dxc4 4. Qa4+ Bd7 5. Qxc4 a6 6. Qc2 Nc6 7. a3 Bg4 8. Nbd2 Nxd4 9. Qc3 Nxf3+ 10. Nxf3 Nd5 11. Qb3 e6 12. Ne5 Bh5 13. Bd2 Qd6 14. Qxb7 Rd8 15. Qc6+ Qxc6 16. Nxc6 Rd6 17. Na5 Rb6 18. Nc4 Rc6 19. e3 g6 20. h3 g5 21. Ne5 Rc2 22. Rb1 f6 23. Nc4 Bc5 24. Bd3 Bg6 25. Bxc2 Bxc2 26. Rc1 Bb3 27. Na5 Ba4 28. Rxc5 0-0 29. 0-0 Ne7 30. Rxc7 Nd5 31. Rc5 Ne7 32. Rfc1 f5 33. Bb4 Rf7 34. Rc7 Nd5 35. Rxf7 Kxf7 36. Rc4 Bb5 37. Rd4 Nxb4 38. Rxb4 Kf6 39. Nb3 Ke5 40. Nd4 Bd7 41. Nf3+ Kd5 42. Nxg5 1-0

[Event "Dortmund ABC Serie A-21"]
[Site "Dortmund"]
[Date "2004.05.26"]
[Round "8"]
[White "Gennat, Egon Leopold"]
[Black "Busse, Siegfried"]
[Result "0-1"]
[WhiteElo "1379"]
[BlackElo "1377"]
[PlyCount "97"]
[EventDate "2004.04.21"]
[EventType "tourn"]
[EventRounds "11"]
[EventCountry "GER"]
[SourceTitle "EXT 2006"]
[Source "ChessBase"]
[SourceDate "2005.11.24"]
[SourceVersion "1"]
[SourceVersionDate "2005.11.24"]
[SourceQuality "1"]

1. c4 e5 2. Nc3 Nf6 3. Nf3 d6 4. d4 exd4 5. Nxd4 h6 6. g3 c6 7. Bg2 Be7 8. 0-0 Nbd7 9. Nf5 Bf8 10. Nxd6+ Bxd6 11. Qxd6 Qe7 12. Rd1 Qxd6 13. Rxd6 0-0 14. b3 Ne5 15. Bb2 Be6 16. Ne4 Nxe4 17. Bxe4 Nd7 18. Ba3 Rfe8 19. Bf3 Ne5 20. Bg2 Rad8 21. Rad1 Rxd6 22. Rxd6 f6 23. h3 Nf7 24. Rd4 Rd8 25. e3 Rxd4 26. exd4 Bf5 27. Bb2 Bb1 28. a3 Ba2 29. d5 Bxb3 30. dxc6 bxc6 31. c5 Nd8 32. Bc1 Bd5 33. Bf1 Kf7 34. Ba6 g5 35. Kf1 f5 36. Ke2 Kg6 37. f3 Ne6 38. Be3 f4 39. gxf4 gxf4 40. Bf2 Ng5 41. h4 Bxf3+ 42. Kd3 Ne6 43. Bc8 Bd5 44. a4 Kh5 45. a5 Kg4 46. Bd7 Kf3 47. Be1 Kg2 48. Be8 Nxc5+ 49. Kc2 0-1

[Event "Dortmund ABC Serie A-21"]
[Site "Dortmund"]
[Date "2004.05.21"]
[Round "7"]
[White "Thavarajah, Sutharjan"]
[Black "Busse, Siegfried"]
[Result "1-0"]
[WhiteElo "1400"]
[BlackElo "1377"]
[PlyCount "81"]
[EventDate "2004.04.21"]
[EventType "tourn"]
[EventRounds "11"]
[EventCountry "GER"]
[SourceTitle "EXT 2006"]
[Source "ChessBase"]
[SourceDate "2005.11.24"]
[SourceVersion "1"]
[SourceVersionDate "2005.11.24"]
[SourceQuality "1"]

1. d4 e6 2. Nf3 Nf6 3. e3 c6 4. Bd3 d5 5. 0-0 h6 6. Nbd2 Bd6 7. Re1 0-0 8. e4 dxe4 9. Nxe4 Nxe4 10. Rxe4 f5 11. Rh4 f4 12. c3 Nd7 13. Qe2 Qf6 14. Qe4 Qf5 15. Qxf5 exf5 16. Bxf4 Bxf4 17. Rxf4 Nb6 18. h4 Kh8 19. c4 Be6 20. b3 a5 21. Re1 Rae8 22. Ne5 Kh7 23. h5 Bc8 24. Kf1 Rf6 25. Ng6 Rxe1+ 26. Kxe1 Bd7 27. Kd2 Nc8 28. g4 Nd6 29. Ne7 Ne4+ 30. Bxe4 fxe4 31. Ke3 b5 32. Ng6 Rxf4 33. Kxf4 Kg8 34. Ne5 Be8 35. Kxe4 a4 36. Kf5 Kf8 37. Ke6 bxc4 38. bxc4 a3 39. f4 c5 40. d5 Ba4 41. d6 1-0

[Event "Dortmund ABC Serie A-21"]
[Site "Dortmund"]
[Date "2004.05.01"]
[Round "4"]
[White "Busse, Siegfried"]
[Black "Mueller, Siegfried"]
[Result "1/2-1/2"]
[WhiteElo "1377"]
[BlackElo "1418"]
[PlyCount "40"]
[EventDate "2004.04.21"]
[EventType "tourn"]
[EventRounds "11"]
[EventCountry "GER"]
[SourceTitle "EXT 2006"]
[Source "ChessBase"]
[SourceDate "2005.11.24"]
[SourceVersion "1"]
[SourceVersionDate "2005.11.24"]
[SourceQuality "1"]

1. c4 c5 2. Nf3 Nf6 3. d4 cxd4 4. Nxd4 Nc6 5. Nc3 e6 6. Bg5 Bb4 7. Qc2 Qa5 8. Nxc6 bxc6 9. Bd2 d5 10. e3 Ba6 11. a3 Bxc4 12. Bxc4 dxc4 13. 0-0 Bxc3 14. Bxc3 Qb5 15. Rad1 Qb3 16. Qe2 c5 17. Qf3 Ke7 18. Bxf6+ gxf6 19. Qc6 Rhd8 20. Qxc5+ Ke8 1/2-1/2

[Event "Dortmund ABC Serie A-21"]
[Site "Dortmund"]
[Date "2004.04.30"]
[Round "3"]
[White "Gerke, Dieter"]
[Black "Busse, Siegfried"]
[Result "1-0"]
[WhiteElo "1526"]
[BlackElo "1377"]
[PlyCount "85"]
[EventDate "2004.04.21"]
[EventType "tourn"]
[EventRounds "11"]
[EventCountry "GER"]
[SourceTitle "EXT 2006"]
[Source "ChessBase"]
[SourceDate "2005.11.24"]
[SourceVersion "1"]
[SourceVersionDate "2005.11.24"]
[SourceQuality "1"]

1. d4 d5 2. c4 Nf6 3. Nc3 e6 4. Nf3 Bb4 5. a3 Be7 6. e3 c6 7. Be2 b6 8. 0-0 h6 9. Ne5 Bd6 10. f4 Bb7 11. f5 0-0 12. Bd3 dxc4 13. Nxc4 Be7 14. fxe6 fxe6 15. Ne5 Nbd7 16. Ng6 Re8 17. Nf4 Bd6 18. Nh5 Qe7 19. Nf4 a6 20. b4 Rac8 21. Qe2 b5 22. Bd2 e5 23. Ng6 Qd8 24. Qd1 e4 25. Qb3+ Kh7 26. Nxe4 Rxe4 27. Nf4 c5 28. bxc5 Bxf4 29. Rxf4 Kh8 30. Bxe4 Bxe4 31. Raf1 Qg8 32. Qb2 Qd5 33. Be1 Rf8 34. Bb4 Kg8 35. c6 Qxc6 36. Bxf8 Kxf8 37. Rc1 Qb7 38. Qb4+ Kg8 39. Qd6 Bxg2 40. Rc7 Ne8 41. Qe6+ Kh7 42. Rxb7 Bxb7 43. Qxd7 1-0

[Event "Dortmund2"]
[Site "Dortmund"]
[Date "2002.06.07"]
[Round "12"]
[White "Busse, Siegfried"]
[Black "Wengelnik, Erwin"]
[Result "1/2-1/2"]
[WhiteElo "1365"]
[BlackElo "1332"]
[PlyCount "64"]
[EventDate "2002.04.10"]
[EventType "tourn"]
[EventRounds "13"]
[EventCountry "GER"]
[SourceTitle "EXT 2007"]
[Source "ChessBase"]
[SourceDate "2006.11.23"]
[SourceVersion "1"]
[SourceVersionDate "2006.11.23"]
[SourceQuality "1"]

1. Nf3 d5 2. g3 Nf6 3. d3 Nbd7 4. Bg2 c6 5. b3 e6 6. Bb2 Be7 7. 0-0 0-0 8. Nbd2 h6 9. Re1 Qb6 10. e3 Ne8 11. c4 Bf6 12. d4 Qc7 13. e4 dxe4 14. Nxe4 Be7 15. a3 Nef6 16. Qc2 Nxe4 17. Qxe4 Bf6 18. Rab1 Rb8 19. Ne5 Rd8 20. Bf1 Nf8 21. Bd3 b6 22. Qxc6 Qe7 23. Qe4 Bb7 24. Qe3 Bg5 25. f4 Bf6 26. Be4 Bxe5 27. fxe5 Bxe4 28. Qxe4 Ng6 29. Rf1 Rd7 30. Rbd1 Rbd8 31. Qc2 Qg5 32. Bc1 Qe7 1/2-1/2

[Event "Dortmund2"]
[Site "Dortmund"]
[Date "2002.05.25"]
[Round "10"]
[White "Busse, Siegfried"]
[Black "Grawe, Herbert"]
[Result "1-0"]
[WhiteElo "1365"]
[BlackElo "1444"]
[PlyCount "71"]
[EventDate "2002.04.10"]
[EventType "tourn"]
[EventRounds "13"]
[EventCountry "GER"]
[SourceTitle "EXT 2007"]
[Source "ChessBase"]
[SourceDate "2006.11.23"]
[SourceVersion "1"]
[SourceVersionDate "2006.11.23"]
[SourceQuality "1"]

1. Nf3 c5 2. c4 e6 3. g3 b6 4. Bg2 Bb7 5. 0-0 Nf6 6. d4 cxd4 7. Nxd4 Bxg2 8. Kxg2 a6 9. Nc3 Qc7 10. b3 d6 11. e4 g6 12. Bg5 Bg7 13. Qf3 Nbd7 14. e5 Nxe5 15. Qxa8+ Kd7 16. Qxa6 Nd3 17. Qb5+ Ke7 18. Ne4 Rc8 19. Bxf6+ Bxf6 20. Nxf6 Kxf6 21. Rad1 Ne5 22. f3 Qb7 23. Qb4 Rc5 24. Qc3 Ke7 25. Kg1 f6 26. Qe3 g5 27. f4 gxf4 28. gxf4 Kf7 29. Qh3 Qe4 30. Qxe6+ Kg6 31. Qf5+ Qxf5 32. Nxf5 Ng4 33. Ne7+ Kf7 34. Rfe1 Rh5 35. Rd2 Rh3 36. Nc8 1-0